Crímen y Castigo / (Registro nro. 3280)
[ vista simple ]
| 000 -LEADER | |
|---|---|
| fixed length control field | 01312nam a2200193 a 4500 |
| 008 - CAMPO DE CONTROL (LIBRO) | |
| fixed length control field | 161215e2004 ag |||g ||| 000 f spa d |
| 020 ## - INTERNATIONAL STANDARD BOOK NUMBER | |
| ISBN | 9871093829 |
| 041 ## - CODIGO DE IDIOMA | |
| Código de idioma del texto/pista de sonido o título separado | spa |
| 092 ## - SIGNATURA TOPOGRAFICA DEWEY LOCAL | |
| número de clasificación | 808 |
| libristica | 17 |
| sección | DOS |
| 100 1# - ENTRADA PRINCIPAL--NOMBRE PERSONAL | |
| Nombre personal | Dostoievski, Fiódor. |
| 9 (RLIN) | 4329 |
| 245 ## - TITULO PROPIAMENTE DICHO | |
| Título | Crímen y Castigo / |
| Mención de responsabilidad y remanente de la transcripción de la portada | Fiódor Dostoievski |
| 250 ## - MENCION DE EDICION | |
| Mención de edición | 1a ed. |
| Mención de responsabilidad relacionada con la ed. | Traducción Carmen Llamazares |
| 260 ## - PIE DE IMPRENTA | |
| Lugar de publicación, distribución, etc | Buenos Aires: |
| Nombre de la editorial, distribuidor, etc | Gradifco; |
| Fecha de publicación | 2004. |
| 300 ## - DESCRIPCION FISICA | |
| Extension | 416 p. |
| Dimensiones | 20x14 cm. |
| 500 ## - NOTA GENERAL | |
| Nota general | Dostoievski, F. (2004). Crimen y Castigo. (1a ed.). Buenos Aires : Gradifco. |
| 505 ## - NOTA DE CONTENIDO | |
| Nota de contenido formateada | Crimen y Castigo es para algunos la obra maestra de Fedor Dostoievski, el gran novelista ruso que retrató a su pueblo como pocos, siendo capaz de abarcar las profundidades del alma humana, universales e intemporales. El héroe de la novela es Raskolnikov, un joven estudiante que decide asesinar a una usurera; el conflicto es el dilema ético, descripto mediante el complicado proceso mental del protagonista, en una obra de hondura psicológica inigualable. Situada en una miserable e impiadosa San Petersburgo, la novela es una clásico de la literatura universal que es redescubierto generaciones tras generación, plagada de imágenes patéticas, violentas, terribles, pero con un fondo de esperanza entre tanta oscuridad. |
| 655 ## - MATERIA - GENERO/FORMA | |
| Género/Forma | Novela |
| -- | 3091 |
| 942 ## - ADDED ENTRY ELEMENTS (KOHA) | |
| Source of classification or shelving scheme | Dewey Decimal Classification |
| Item type | LITERATURA |
| Estado de retiro | Existencia | Fuente de clasificación | Estado general | No para prestamo | Ubicación permanente | ubicación actual | Sala de ubicación | Fecha de adquisición | Fuente de adquisición | Total Checkouts | Total Renewals | Número de clasificación | Código de barras | Date last seen | Date last borrowed | Número de ejemplar | Price effective from | Koha tipo de elemento (item) | Public note | Coded location qualifier |
|---|---|---|---|---|---|---|---|---|---|---|---|---|---|---|---|---|---|---|---|---|
| Dewey Decimal Classification | Biblioteca Medicina | Biblioteca Medicina | Circulación | 24/07/2025 | Donación Navarro, Adriana. Julio 2025 | 1 | 4 | 808 17 DOS | 5054 | 13/03/2026 | 29/09/2025 | Ej. 1 | 24/07/2025 | LITERATURA | Donación Navarro, Adriana. Julio 2025. Sede Tordos. |